[Event "GER-ch Net blitz qual3"]
[Site "Playchess.com INT"]
[Date "2021.05.07"]
[Round "3"]
[White "Jaboby, Angelina"]
[Black "Bardorz, Jana"]
[Result "0-1"]
[WhiteElo "1620"]
[BlackElo "1794"]
[PlyCount "42"]
[EventDate "2021.05.07"]
[EventType "swiss (blitz)"]
[EventRounds "11"]
[EventCountry "GER"]
[SourceTitle "CBM 202 Extra"]
[Source "ChessBase"]
[SourceDate "2021.07.31"]
[SourceVersion "1"]
[SourceVersionDate "2021.07.31"]
[SourceQuality "1"]

1. c4 e5 2. g3 Nc6 3. Bg2 Bc5 4. Nc3 d6 5. e3 a6 6. Nge2 Ba7 7. 0-0 h5 8. d4 h4 9. Re1 hxg3 10. fxg3 Bh3 11. Ne4 Qd7 12. Nf2 Bxg2 13. Kxg2 Nf6 14. Rh1 0-0-0 15. b3 Ng4 16. Nxg4 Qxg4 17. h3 Qe4+ 18. Kf2 exd4 19. Nxd4 Nxd4 20. exd4 Bxd4+ 21. Kf1 Qxh1+ 0-1